| 000 | 00709cam a22002413a 4500 | ||
|---|---|---|---|
| 001 | 31802 | ||
| 003 | PGUSA | ||
| 005 | 20140828083704.0 | ||
| 008 | 100328s2010||||xxu|||||s|||||000 | eng d | ||
| 040 |
_aPGUSA _beng |
||
| 042 | _adc | ||
| 050 | 4 | _aBS | |
| 245 | 1 | 0 |
_aΗ Νέα Διαθήκη : _bκατά το Βατικανό Χειρόγραφο _h[electronic resource] |
| 260 |
_bProject Gutenberg, _c2010 |
||
| 506 | _aPublic domain in the USA. | ||
| 516 | _aElectronic text | ||
| 653 | _aBible. New Testament | ||
| 700 | 1 |
_aPalles, Alexandros, _d1851-1935 |
|
| 740 | 0 | _aNew Testament. Greek | |
| 830 | 0 |
_aProject Gutenberg _v31802 |
|
| 856 | 4 | 0 | _uhttp://www.gutenberg.org/ebooks/31802 |
| 942 | _cEB | ||
| 999 |
_c261057 _d261057 |
||